Peasticide residues in food - 2001: Evaluation 2001

Đã lưu trong:
書目詳細資料
主要作者: FAO
格式: 圖書
語言:Undetermined
出版: Rome, Italy FAO 2002
主題:
標簽: 添加標簽
沒有標簽, 成為第一個標記此記錄!
Thư viện lưu trữ: Trung tâm Học liệu Trường Đại học Cần Thơ
LEADER 00498nam a2200169Ia 4500
001 CTU_55806
008 210402s9999 xx 000 0 und d
082 |a 363.7384/P.1 
082 |b F686 
100 |a FAO 
245 0 |a Peasticide residues in food - 2001: Evaluation 2001 
245 0 |c FAO 
260 |a Rome, Italy 
260 |b FAO 
260 |c 2002 
650 |a environmental monitoring,food conservation,pesticides residues in food 
980 |a Trung tâm Học liệu Trường Đại học Cần Thơ